000
00210nam a2200097Ia 4500
008
190216s9999||||xx |||||||||||||| ||und||
100
_a
Nandakumari
245
0
_a
Randu Penkuttikal
260
_b
Null
942
_c
BK
999
_c
25305
_d
25305